Manažérske systémy a Slovenská národná akreditačná služba (SNAS)

Identifikácia SNAS. História a vývoj legislatívneho procesu SNAS. Identifikácia hlavných znakov akreditácie a poslania SNAS. Analýza akreditačných činností SNAS certifikujúcich manažérske systémy. Dokumentácia SNAS. Analýza postupov akreditačnej služby SNAS. Pre každú oblasť akreditácie má SNAS vyp...

Descrizione completa

Salvato in:
Dettagli Bibliografici
Autore principale: Demko, Jaroslav
Altri autori: Černá, Ľubica
Natura: Capitolo di libro
Lingua:slovacco
Soggetti:
Tags: Aggiungi Tag
Nessun Tag, puoi essere il primo ad aggiungerne!!

MARC

LEADER 00000nla a2200000 4500
001 0231334
005 20240417075121.4
041 0 |a slo 
044 |a SK 
245 1 0 |a Manažérske systémy a Slovenská národná akreditačná služba (SNAS)  |c Jaroslav Demko, Ľubica Černá 
520 |a Identifikácia SNAS. História a vývoj legislatívneho procesu SNAS. Identifikácia hlavných znakov akreditácie a poslania SNAS. Analýza akreditačných činností SNAS certifikujúcich manažérske systémy. Dokumentácia SNAS. Analýza postupov akreditačnej služby SNAS. Pre každú oblasť akreditácie má SNAS vypracovanú a schválenú politiku. V súčasnosti to predstavuje celkovo 39 politík, ktoré sú vydané formou rozhodnutia riaditeľa alebo formou vydania politiky, ktorú schvaľuje riaditeľ SNAS. 
610 2 0 |a systémy riadenia 
610 2 0 |a manažerizmus 
610 2 0 |a certifikácia 
610 2 0 |a akreditácia 
610 2 0 |a Slovensko 
100 1 |a Demko, Jaroslav 
700 1 |a Černá, Ľubica